[Event "Titled Tuesday intern op 01st Apr Early"]
[Site "Chess.com INT"]
[Date "2025.04.01"]
[Round "6"]
[White "Bardyk, Artem"]
[Black "Maximov, Dmitry"]
[Result "0-1"]
[WhiteElo "2257"]
[BlackElo "2476"]
[PlyCount "118"]
[EventDate "2025.04.01"]
[EventType "swiss (blitz)"]
[EventRounds "11"]
[EventCountry "USA"]
[SourceTitle "CB15_2025"]
[SourceDate "2025.04.09"]
[SourceVersion "1"]
[SourceVersionDate "2025.04.09"]
[SourceQuality "1"]

1. Nf3 Nf6 2. b3 d6 3. d4 a5 4. Bb2 a4 5. Nbd2 a3 6. Bc1 d5 7. e3 Bf5 8. Be2 e6 9. Nh4 Bg6 10. 0-0 Ne4 11. Nxe4 dxe4 12. Nxg6 hxg6 13. c4 Qh4 14. h3 Nd7 15. f4 exf3 16. Bxf3 c6 17. Bd2 Bd6 18. Be1 Qg5 19. Kf2 e5 20. Ke2 exd4 21. exd4 0-0 22. Kd3 Rfe8 23. Kc2 Re3 24. Bg4 f5 25. Bf3 Qf6 26. Bf2 Re7 27. c5 Bxc5 28. Qd3 Bd6 29. Rae1 Rae8 30. Qc4+ Kh7 31. Bd1 Nb6 32. Qd3 Nd5 33. Qf3 Bb4 34. Rxe7 Rxe7 35. g4 f4 36. h4 Ba5 37. h5 g5 38. Qd3+ Kg8 39. Kb1 Nc3+ 40. Ka1 Nxd1 41. Rxd1 Rd7 42. b4 Bb6 43. Qxa3 Bxd4+ 44. Bxd4 Rxd4 45. Rxd4 Qxd4+ 46. Kb1 Qg1+ 47. Kb2 Qg2+ 48. Kc1 Qxg4 49. Qa8+ Kh7 50. Qe8 Qg1+ 51. Kc2 Qg2+ 52. Kd3 Qf3+ 53. Kc4 Qd5+ 54. Kc3 Qf5 55. Qb8 f3 56. h6 f2 57. hxg7 Qf6+ 58. Kb3 Kxg7 59. Qxb7+ Kh6 0-1

[Event "Titled Tuesday intern op 01st Apr Early"]
[Site "Chess.com INT"]
[Date "2025.04.01"]
[Round "2"]
[White "Neustroev, Victor"]
[Black "Maximov, Dmitry"]
[Result "0-1"]
[WhiteElo "2283"]
[BlackElo "2476"]
[PlyCount "76"]
[EventDate "2025.04.01"]
[EventType "swiss (blitz)"]
[EventRounds "11"]
[EventCountry "USA"]
[SourceTitle "CB15_2025"]
[SourceDate "2025.04.09"]
[SourceVersion "1"]
[SourceVersionDate "2025.04.09"]
[SourceQuality "1"]

1. e4 c5 2. Nf3 d6 3. d4 cxd4 4. Nxd4 Nf6 5. Nc3 a6 6. Nb3 Nbd7 7. Be3 b5 8. f3 e6 9. Qd2 b4 10. Na4 d5 11. 0-0-0 Bd6 12. Kb1 0-0 13. g4 Bb7 14. g5 Ne8 15. Bg2 Bc6 16. Nac5 Ne5 17. f4 Nc4 18. Qf2 Nc7 19. e5 Be7 20. Bd4 a5 21. Nd2 Nxd2+ 22. Rxd2 Nb5 23. h4 Qb8 24. g6 hxg6 25. h5 g5 26. h6 g6 27. h7+ Kh8 28. Ka1 Nxd4 29. Qxd4 Qb5 30. Nd3 g4 31. Rf2 b3 32. cxb3 a4 33. b4 a3 34. b3 Rfc8 35. Bf1 Be8 36. Nc5 Qb6 37. Bd3 Rxc5 38. f5 Rc1+ 0-1

[Event "UKR-ch 92nd"]
[Site "Lvov"]
[Date "2024.12.22"]
[Round "9"]
[White "Dehtiarov, Roman"]
[Black "Maximov, Dmitry"]
[Result "1-0"]
[WhiteElo "2346"]
[BlackElo "2489"]
[PlyCount "131"]
[EventDate "2024.12.14"]
[EventType "swiss"]
[EventRounds "9"]
[EventCountry "UKR"]
[SourceTitle "CB52_2024"]
[SourceDate "2024.12.25"]
[SourceVersion "1"]
[SourceVersionDate "2024.12.25"]
[SourceQuality "1"]

1. e4 c5 2. Nf3 d6 3. d4 cxd4 4. Nxd4 Nf6 5. Nc3 a6 6. Bg5 Nbd7 7. Qe2 h6 8. Bh4 g6 9. f4 Qc7 10. 0-0-0 e5 11. fxe5 dxe5 12. Nb3 Be7 13. Qc4 Qxc4 14. Bxc4 b5 15. Bd5 Ra7 16. Bc6 0-0 17. Rhf1 Kg7 18. Bxd7 Bxd7 19. Bf2 Rfa8 20. Bxa7 Rxa7 21. Kb1 Bg4 22. Rde1 Be6 23. Rf3 h5 24. Rd3 Bc4 25. Rdd1 Bb4 26. a3 Bxc3 27. bxc3 a5 28. Rd8 Nd7 29. Nd2 Be6 30. Nf3 Rc7 31. Re3 Kf6 32. Nd2 Nb6 33. Kc1 Na4 34. Nb1 Nb6 35. Rb8 Rc6 36. Nd2 Kg7 37. Rb7 Nc4 38. Nxc4 Bxc4 39. a4 bxa4 40. Kb2 Rd6 41. Rc7 Be6 42. Rd3 Rb6+ 43. Ka1 a3 44. c4 Rb4 45. Rc3 Kf6 46. Rc5 Ra4 47. Ka2 h4 48. g3 h3 49. g4 Bxg4 50. Rxa3 Rxa3+ 51. Kxa3 Bf3 52. Rxa5 Bxe4 53. c5 Bxc2 54. c6 Bf5 55. Kb4 g5 56. Kc5 g4 57. Kd6 g3 58. hxg3 Be4 59. c7 Bb7 60. Rxe5 Kg6 61. g4 Bc8 62. Re8 h2 63. Rh8 Bxg4 64. Rxh2 Bc8 65. Rh8 Ba6 66. Ke5 1-0

[Event "UKR-ch Blitz 92nd"]
[Site "Lvov"]
[Date "2024.12.22"]
[Round "6"]
[White "Maximov, Dmitry"]
[Black "Polulikh, Bogdan"]
[Result "1/2-1/2"]
[WhiteElo "2489"]
[BlackElo "2299"]
[PlyCount "91"]
[EventDate "2024.12.22"]
[EventType "swiss (blitz)"]
[EventRounds "11"]
[EventCountry "UKR"]
[SourceTitle "CB52_2024"]
[SourceDate "2024.12.25"]
[SourceVersion "1"]
[SourceVersionDate "2024.12.25"]
[SourceQuality "1"]

1. e4 e6 2. d4 d5 3. e5 c5 4. c3 Nc6 5. Nf3 Nge7 6. Bd3 Nf5 7. Bc2 cxd4 8. cxd4 Qb6 9. Bxf5 exf5 10. Nc3 Be6 11. 0-0 Be7 12. Ne2 h6 13. b3 g5 14. Ne1 f4 15. Bb2 Rc8 16. Kh1 f6 17. exf6 Bxf6 18. Nd3 0-0 19. Re1 Bf5 20. Ne5 Rfe8 21. Nc3 Rcd8 22. Na4 Qc7 23. Rc1 Qd6 24. Nc5 Qe7 25. Nxb7 Qxb7 26. Nxc6 Rc8 27. Ne5 Rxc1 28. Qxc1 Bxe5 29. dxe5 f3 30. gxf3 Be6 31. Re3 Rf8 32. Bd4 Rf4 33. Qc5 Qa6 34. Kg2 Bh3+ 35. Kg3 Qf1 36. Qxd5+ Kh7 37. Qb7+ Kg6 38. Qc6+ Kh7 39. Qc2+ Rf5 40. Qc7+ Kg8 41. Qc8+ Kh7 42. Qd7+ Kg8 43. Qe6+ Kh7 44. Qd7+ Kg8 45. Qe6+ Kh7 46. Qd7+ 1/2-1/2

[Event "UKR-ch 92nd"]
[Site "Lvov"]
[Date "2024.12.21"]
[Round "8"]
[White "Maximov, Dmitry"]
[Black "Dyachuk, Artem"]
[Result "1-0"]
[WhiteElo "2489"]
[BlackElo "2274"]
[PlyCount "50"]
[EventDate "2024.12.14"]
[EventType "swiss"]
[EventRounds "9"]
[EventCountry "UKR"]
[SourceTitle "CB52_2024"]
[SourceDate "2024.12.25"]
[SourceVersion "1"]
[SourceVersionDate "2024.12.25"]
[SourceQuality "1"]

1. e4 e5 2. Nf3 Nc6 3. Bb5 a6 4. Ba4 Bc5 5. 0-0 Nge7 6. c3 Ng6 7. d4 Ba7 8. Bg5 f6 9. Be3 0-0 10. Nbd2 Kh8 11. Re1 exd4 12. cxd4 d5 13. Rc1 Nce7 14. Bc2 f5 15. exf5 Bxf5 16. Ng5 Qd6 17. Bxf5 Nxf5 18. Qh5 h6 19. Ndf3 Kg8 20. Rxc7 hxg5 21. Nxg5 Nh6 22. Rxg7+ Kxg7 23. Ne6+ Kf7 24. Bxh6 Rg8 25. Ng5+ Kf6 1-0

[Event "UKR-ch 92nd"]
[Site "Lvov"]
[Date "2024.12.20"]
[Round "7"]
[White "Bykovskiy, Oleg"]
[Black "Maximov, Dmitry"]
[Result "0-1"]
[WhiteElo "2210"]
[BlackElo "2489"]
[PlyCount "126"]
[EventDate "2024.12.14"]
[EventType "swiss"]
[EventRounds "9"]
[EventCountry "UKR"]
[SourceTitle "CB52_2024"]
[SourceDate "2024.12.25"]
[SourceVersion "1"]
[SourceVersionDate "2024.12.25"]
[SourceQuality "1"]

1. d4 Nf6 2. c4 g6 3. Nc3 Bg7 4. Nf3 0-0 5. Bg5 c5 6. e3 cxd4 7. exd4 b6 8. Be2 Bb7 9. 0-0 d6 10. Qd2 Nbd7 11. Rfd1 Rc8 12. Rac1 Re8 13. d5 a6 14. Nd4 Rc7 15. b3 Qa8 16. Re1 b5 17. Bxf6 Nxf6 18. cxb5 Nxd5 19. Nxd5 Rxc1 20. Rxc1 Bxd5 21. Nc6 e6 22. a4 axb5 23. Bxb5 Bxb3 24. Na5 Bxa4 25. Bxa4 Rf8 26. Bc6 Qa7 27. Bf3 d5 28. Nc6 Qa3 29. h4 h5 30. Rd1 Qa4 31. Ne7+ Kh7 32. g3 Qa3 33. Nxg6 fxg6 34. Bg2 Qc5 35. Qe2 Bd4 36. Rf1 e5 37. Kh2 Rf5 38. f3 Rf7 39. Qd3 Ra7 40. Rd1 Ra3 41. Qb1 Qe7 42. Qb5 Qf7 43. Rb1 Ra7 44. Qd3 Bf2 45. Rb5 Rd7 46. Bh3 Rd8 47. Qb3 Kh6 48. Rb7 Qf6 49. Bg2 Bd4 50. Qc2 Be3 51. Qc7 Rh8 52. Qd7 d4 53. Rc7 Bf4 54. Kh3 Bd2 55. Kh2 Bb4 56. Bf1 e4 57. fxe4 Bd6 58. Rc2 Qxh4+ 59. Kg1 Qxg3+ 60. Rg2 Qe3+ 61. Kh1 Rf8 62. Be2 Qc1+ 63. Rg1 Qf4 0-1

[Event "Titled Tuesday intern op 03rd Sep Early"]
[Site "Chess.com INT"]
[Date "2024.09.03"]
[Round "1"]
[White "Maximov, Dmitry"]
[Black "Herman, Daniel"]
[Result "1-0"]
[WhiteElo "2489"]
[BlackElo "1925"]
[PlyCount "67"]
[EventDate "2024.09.03"]
[EventType "swiss (blitz)"]
[EventRounds "11"]
[EventCountry "USA"]
[SourceTitle "EXT 2025"]
[Source "ChessBase"]
[SourceDate "2024.10.14"]
[SourceVersion "1"]
[SourceVersionDate "2024.10.14"]
[SourceQuality "1"]

1. e4 g6 2. d4 Bg7 3. Nc3 d6 4. Be3 a6 5. Qd2 b5 6. f3 Bb7 7. a4 b4 8. Nd1 a5 9. c3 bxc3 10. Nxc3 Nc6 11. Bb5 Kf8 12. Nge2 h5 13. 0-0 Nf6 14. Rac1 Nb4 15. Nf4 h4 16. d5 Nd7 17. Be2 Ne5 18. Nb5 c5 19. dxc6 Bxc6 20. Nd4 Bd7 21. b3 Bf6 22. Nd5 Nxd5 23. exd5 h3 24. g3 Kg7 25. f4 Ng4 26. Bxg4 Bxg4 27. Nc6 Qd7 28. Bd4 Qf5 29. Nxe7 Qe4 30. Bxf6+ Kxf6 31. Qb2+ Kxe7 32. Rfe1 Bf3 33. Rxe4+ Bxe4 34. Rc7+ 1-0

[Event "Titled Tuesday intern op 18th Jun Early"]
[Site "Chess.com INT"]
[Date "2024.06.18"]
[Round "9"]
[White "Kamalidenova, Meruert"]
[Black "Maximov, Dmitry"]
[Result "1/2-1/2"]
[WhiteElo "2360"]
[BlackElo "2489"]
[PlyCount "131"]
[EventDate "2024.06.18"]
[EventType "swiss (blitz)"]
[EventRounds "11"]
[EventCountry "USA"]
[SourceTitle "EXT 2025"]
[Source "ChessBase"]
[SourceDate "2024.10.14"]
[SourceVersion "1"]
[SourceVersionDate "2024.10.14"]
[SourceQuality "1"]

1. e4 c5 2. Nf3 d6 3. Bb5+ Nc6 4. 0-0 Bd7 5. c3 a6 6. Bxc6 Bxc6 7. Re1 Nf6 8. d4 cxd4 9. cxd4 Bxe4 10. Bg5 d5 11. Bxf6 exf6 12. Nc3 Be7 13. Nxe4 dxe4 14. Rxe4 0-0 15. d5 Qd7 16. Qd2 Rfd8 17. Rd1 Bd6 18. h3 Rac8 19. Qe2 g6 20. h4 h5 21. Rc4 Rxc4 22. Qxc4 Qf5 23. b3 Kg7 24. Qe2 Bc5 25. Qd3 Qg4 26. Kf1 b5 27. Rc1 Qb4 28. g3 Rd7 29. Kg2 a5 30. Re1 a4 31. Re4 Qa3 32. Qxb5 Rxd5 33. bxa4 Qxa2 34. Re2 Qa3 35. Qc4 Rf5 36. Ne1 Qa1 37. Nd3 Bd6 38. Re1 Qa3 39. Re2 Ra5 40. Ra2 Rxa4 41. Qxa4 Qxd3 42. Qa8 f5 43. Qf3 Qc4 44. Ra7 Qe6 45. Rb7 Be5 46. Ra7 Bf6 47. Ra8 Be5 48. Rd8 Bf6 49. Ra8 Be5 50. Ra4 Bf6 51. Rb4 Be7 52. Rd4 Bf6 53. Rd5 Be5 54. Rb5 Bf6 55. Qa8 f4 56. Rb8 fxg3 57. fxg3 Qe2+ 58. Kh3 Qg4+ 59. Kg2 Qe2+ 60. Kh3 Qg4+ 61. Kg2 Be5 62. Rb3 Qe2+ 63. Kh3 Qg4+ 64. Kg2 Qe2+ 65. Kh3 Qg4+ 66. Kg2 1/2-1/2

[Event "Titled Tuesday intern op 18th Jun Early"]
[Site "Chess.com INT"]
[Date "2024.06.18"]
[Round "8"]
[White "Maximov, Dmitry"]
[Black "Lazavik, Denis"]
[Result "0-1"]
[WhiteElo "2489"]
[BlackElo "2578"]
[PlyCount "108"]
[EventDate "2024.06.18"]
[EventType "swiss (blitz)"]
[EventRounds "11"]
[EventCountry "USA"]
[SourceTitle "EXT 2025"]
[Source "ChessBase"]
[SourceDate "2024.10.14"]
[SourceVersion "1"]
[SourceVersionDate "2024.10.14"]
[SourceQuality "1"]

1. e4 c5 2. Nf3 e6 3. c3 d5 4. e5 d4 5. g3 Nc6 6. Bg2 d3 7. 0-0 Rb8 8. Re1 Nge7 9. a4 a6 10. b4 cxb4 11. cxb4 Nxb4 12. Na3 Nec6 13. Bb2 Be7 14. Re4 0-0 15. Rc1 b5 16. axb5 axb5 17. h4 h6 18. h5 Bd7 19. Rg4 Nd5 20. Qb3 Na5 21. Qxd3 b4 22. Nb1 Kh8 23. Nd4 Nb6 24. Qe2 Rg8 25. d3 Na4 26. Re1 Nxb2 27. Qxb2 b3 28. Nd2 Bb4 29. Ra1 Qc7 30. Ne4 Qxe5 31. f4 Qc7 32. Rc1 Qa7 33. Kh2 e5 34. Nf3 Bxg4 35. Nxe5 Bf5 36. g4 Bxe4 37. Bxe4 Bd6 38. Ra1 Bxe5 39. Qxe5 b2 40. Qf5 g6 41. Qf6+ Rg7 42. Rb1 Qb6 43. Qe5 Nc6 44. Bxc6 gxh5 45. g5 hxg5 46. Bg2 gxf4 47. d4 Rbg8 48. Be4 Qh6 49. Rxb2 f3 50. Rb6 Qg5 51. Qxg5 Rxg5 52. Bxf3 Rf5 53. Be4 Rf4 54. Bd3 Rh4# 0-1

[Event "Titled Tuesday intern op 27th Feb Early"]
[Site "Chess.com INT"]
[Date "2024.02.27"]
[Round "2"]
[White "Maximov, Dmitry"]
[Black "Omariev, Maksim"]
[Result "1-0"]
[WhiteElo "2489"]
[BlackElo "2304"]
[PlyCount "65"]
[EventDate "2024.02.27"]
[EventType "swiss (blitz)"]
[EventRounds "11"]
[EventCountry "USA"]
[SourceTitle "EXT 2025"]
[Source "ChessBase"]
[SourceDate "2024.10.14"]
[SourceVersion "1"]
[SourceVersionDate "2024.10.14"]
[SourceQuality "1"]

1. e4 c5 2. Nf3 d6 3. c3 Nf6 4. Bc4 Nxe4 5. Qa4+ Nd7 6. Bxf7+ Kxf7 7. Qxe4 Nf6 8. Qe2 h6 9. 0-0 g6 10. d4 cxd4 11. Nxd4 Bg7 12. Na3 Rf8 13. Be3 Kg8 14. Rad1 Kh7 15. Rfe1 a6 16. h3 Bd7 17. Bc1 Ng8 18. h4 Qa5 19. Nc4 Qxa2 20. Nb6 Rad8 21. Nxd7 Rxd7 22. Ne6 Rf5 23. Nxg7 Kxg7 24. g4 Re5 25. Qxe5+ dxe5 26. Rxd7 Qa4 27. Rd3 Qxg4+ 28. Rg3 Qxh4 29. Rxe5 Nf6 30. Rxe7+ Kf8 31. Rxb7 Ne4 32. Rf3+ Ke8 33. Rf4 1-0

[Event "Titled Tuesday intern op 26th Dec Late"]
[Site "Chess.com INT"]
[Date "2023.12.26"]
[Round "1"]
[White "Maximov, Dmitry"]
[Black "Dzida, Kamil"]
[Result "1-0"]
[WhiteElo "2491"]
[BlackElo "2396"]
[PlyCount "81"]
[EventDate "2023.12.26"]
[EventType "swiss (blitz)"]
[EventRounds "11"]
[EventCountry "USA"]
[SourceTitle "EXT 2025"]
[Source "ChessBase"]
[SourceDate "2024.10.14"]
[SourceVersion "1"]
[SourceVersionDate "2024.10.14"]
[SourceQuality "1"]

1. e4 c5 2. Nf3 d6 3. c3 Nf6 4. Bc4 e6 5. Bd3 Nc6 6. Bc2 e5 7. h3 Be7 8. 0-0 0-0 9. d4 a6 10. d5 Nb8 11. a4 Nbd7 12. c4 g6 13. Bh6 Re8 14. Nc3 Bf8 15. Qd2 Bxh6 16. Qxh6 Qe7 17. Ne2 Qf8 18. Qd2 a5 19. Ng3 b6 20. Ra3 Qg7 21. Nh4 h6 22. Ngf5 gxf5 23. Rg3 f4 24. Rxg7+ Kxg7 25. Nf5+ Kh7 26. Nxd6 Rg8 27. Kh2 Ba6 28. b3 Rg7 29. Nf5 Rg6 30. g4 Rgg8 31. f3 Rgd8 32. Qf2 Rg8 33. Rg1 Rg5 34. Qh4 Rg6 35. g5 Ng8 36. gxh6 Rxg1 37. Kxg1 Ngf6 38. Ne7 Re8 39. d6 Rg8+ 40. Nxg8 Kxg8 41. Qg5+ 1-0

[Event "Titled Tuesday intern op 26th Dec Late"]
[Site "Chess.com INT"]
[Date "2023.12.26"]
[Round "4"]
[White "Maximov, Dmitry"]
[Black "Estrada Nieto, Julian"]
[Result "1-0"]
[WhiteElo "2491"]
[BlackElo "2212"]
[PlyCount "67"]
[EventDate "2023.12.26"]
[EventType "swiss (blitz)"]
[EventRounds "11"]
[EventCountry "USA"]
[SourceTitle "EXT 2025"]
[Source "ChessBase"]
[SourceDate "2024.10.14"]
[SourceVersion "1"]
[SourceVersionDate "2024.10.14"]
[SourceQuality "1"]

1. e4 e5 2. Nf3 Nc6 3. Bb5 a6 4. Ba4 Nf6 5. 0-0 Be7 6. Re1 b5 7. Bb3 d6 8. c3 0-0 9. h3 Bb7 10. d3 Na5 11. Bc2 c5 12. Nbd2 Re8 13. Nf1 Bf8 14. Ng3 g6 15. Bg5 Be7 16. Qd2 Nd7 17. Bxe7 Qxe7 18. Rad1 Nf6 19. Re2 Rad8 20. Rde1 Bc8 21. a3 Be6 22. Ng5 Bc8 23. f4 c4 24. d4 exf4 25. Qxf4 Nc6 26. Rf1 Kg7 27. Ref2 Ng8 28. Qxf7+ Kh8 29. Qxe7 Rxe7 30. Nf7+ Kg7 31. Nxd8 Nxd8 32. Rf8 Rd7 33. Bd1 Nf7 34. Rxc8 1-0

[Event "Titled Tuesday intern op 26th Dec Late"]
[Site "Chess.com INT"]
[Date "2023.12.26"]
[Round "2"]
[White "Suich, Peter D"]
[Black "Maximov, Dmitry"]
[Result "0-1"]
[WhiteElo "2136"]
[BlackElo "2491"]
[PlyCount "60"]
[EventDate "2023.12.26"]
[EventType "swiss (blitz)"]
[EventRounds "11"]
[EventCountry "USA"]
[SourceTitle "EXT 2025"]
[Source "ChessBase"]
[SourceDate "2024.10.14"]
[SourceVersion "1"]
[SourceVersionDate "2024.10.14"]
[SourceQuality "1"]

1. d4 Nf6 2. c4 g6 3. g3 Bg7 4. Bg2 0-0 5. Nc3 d6 6. Nf3 Nbd7 7. 0-0 e5 8. e4 c6 9. h3 a5 10. Be3 a4 11. Qc2 Qa5 12. Rad1 Qb4 13. c5 dxc5 14. dxc5 Re8 15. a3 Qa5 16. Na2 Bf8 17. Rc1 Qc7 18. Rfd1 Be7 19. Nb4 Ra5 20. Nd3 Nxe4 21. Nfxe5 Nxe5 22. Bxe4 Nxd3 23. Qxd3 Bxh3 24. Bf4 Qc8 25. Bd6 Bf6 26. Qd2 Rb5 27. Rc2 Rxe4 28. Qd3 Bf5 29. Rcd2 Qe6 30. Qf3 Bg4 0-1

[Event "UKR-ch Rapid"]
[Site "Dnipro"]
[Date "2023.11.02"]
[Round "11"]
[White "Pliukha, Myhajlo"]
[Black "Maximov, Dmitry"]
[Result "0-1"]
[WhiteElo "2209"]
[BlackElo "2491"]
[PlyCount "84"]
[EventDate "2023.11.01"]
[EventType "swiss (rapid)"]
[EventRounds "11"]
[EventCountry "UKR"]
[SourceTitle "EXT 2025"]
[Source "ChessBase"]
[SourceDate "2024.10.14"]
[SourceVersion "1"]
[SourceVersionDate "2024.10.14"]
[SourceQuality "1"]

1. e4 c5 2. d4 cxd4 3. Qxd4 Nc6 4. Qd3 g6 5. Nc3 Bg7 6. Nf3 Nf6 7. Be2 0-0 8. 0-0 b6 9. Nd5 Bb7 10. c3 d6 11. Bg5 Nxd5 12. exd5 Ne5 13. Nxe5 dxe5 14. Rfd1 Qd6 15. a4 a5 16. Ra3 Rfd8 17. Rb3 Rab8 18. Qe3 Bc8 19. Rd2 f5 20. f4 h6 21. fxe5 Bxe5 22. Bxh6 Bxh2+ 23. Kf1 Be5 24. Bc4 Kf7 25. Bg5 Rh8 26. Re2 Rh1+ 27. Kf2 Bg3+ 28. Qxg3 Rf1+ 29. Kxf1 Qxg3 30. Be3 Bd7 31. Kg1 Rh8 32. Bd4 Qh2+ 33. Kf1 Qf4+ 34. Kg1 Qc1+ 35. Kf2 Rh1 36. d6+ e6 37. Be3 Rf1+ 38. Kg3 f4+ 39. Kg4 fxe3 40. Rxb6 Qb1 41. Rxe3 Qf5+ 42. Kg3 Qf4+ 0-1

[Event "Titled Tuesday intern op 31st Oct Early"]
[Site "Chess.com INT"]
[Date "2023.10.31"]
[Round "10"]
[White "Maximov, Dmitry"]
[Black "Kazakouski, Valery"]
[Result "0-1"]
[WhiteElo "2491"]
[BlackElo "2577"]
[PlyCount "116"]
[EventDate "2023.10.31"]
[EventType "swiss (blitz)"]
[EventRounds "11"]
[EventCountry "USA"]
[SourceTitle "EXT 2025"]
[Source "ChessBase"]
[SourceDate "2024.10.14"]
[SourceVersion "1"]
[SourceVersionDate "2024.10.14"]
[SourceQuality "1"]

1. e4 c5 2. Nf3 a6 3. c3 d5 4. exd5 Qxd5 5. d4 Bg4 6. Be2 Nf6 7. 0-0 e6 8. h3 Bh5 9. Na3 cxd4 10. Nc4 Bxf3 11. gxf3 Nbd7 12. cxd4 Be7 13. f4 0-0 14. Be3 Rac8 15. b3 Ne4 16. Bf3 f5 17. Ne5 Ndf6 18. Kh2 Rc3 19. Rg1 Rfc8 20. Qf1 Rc2 21. Rg2 Bf8 22. Bd1 R2c7 23. b4 Qd8 24. Bb3 Nd5 25. b5 a5 26. Qe2 Qe8 27. Rag1 Nec3 28. Qf3 a4 29. b6 Nxb6 30. Bc2 Nbd5 31. a3 Bxa3 32. Bd2 Bf8 33. Ra1 a3 34. Bb3 Qb5 35. Bxc3 Qxb3 36. Bd2 Qxf3 37. Nxf3 Rc2 38. Rgg1 b5 39. Kg3 b4 40. Rgb1 a2 41. Rb3 Bd6 42. h4 Rxd2 43. Nxd2 Bxf4+ 44. Kf3 Bxd2 45. Rxa2 Rc3+ 46. Rxc3 Bxc3 47. Ra8+ Kf7 48. Ra7+ Kf6 49. Rb7 Bxd4 50. Ke2 h6 51. f3 Nf4+ 52. Kd2 Bc3+ 53. Ke3 Ng2+ 54. Kf2 Nxh4 55. Kg3 g5 56. Rh7 Be5+ 57. Kh3 h5 58. Rxh5 Kg6 0-1

[Event "Titled Tuesday intern op 31st Oct Late"]
[Site "Chess.com INT"]
[Date "2023.10.31"]
[Round "4"]
[White "Maximov, Dmitry"]
[Black "Manukyan, Artyom"]
[Result "1-0"]
[WhiteElo "2491"]
[BlackElo "2155"]
[PlyCount "105"]
[EventDate "2023.10.31"]
[EventType "swiss (blitz)"]
[EventRounds "11"]
[EventCountry "USA"]
[SourceTitle "EXT 2025"]
[Source "ChessBase"]
[SourceDate "2024.10.14"]
[SourceVersion "1"]
[SourceVersionDate "2024.10.14"]
[SourceQuality "1"]

1. e4 e5 2. Nf3 Nc6 3. Bb5 a6 4. Ba4 Nf6 5. 0-0 Be7 6. Re1 b5 7. Bb3 d6 8. c3 0-0 9. h3 Bb7 10. d3 Re8 11. Nbd2 Na5 12. Bc2 c5 13. Nf1 Bf8 14. Ng3 g6 15. Bg5 Bg7 16. Qd2 Nc6 17. Rad1 Qe7 18. Bh6 Bh8 19. a3 Rad8 20. Bb3 Rd7 21. Ng5 Nd8 22. f4 Bg7 23. Bxg7 Kxg7 24. f5 d5 25. exd5 Bxd5 26. Bxd5 Rxd5 27. Qf2 Qd7 28. Rf1 Rf8 29. fxg6 fxg6 30. N3e4 Qe7 31. Qh4 h6 32. Nf3 Rf7 33. Qe1 Ne6 34. Nxf6 Rxf6 35. d4 cxd4 36. cxd4 Nxd4 37. Rxd4 Qa7 38. Kh1 exd4 39. Qe4 Qd7 40. Rd1 d3 41. Rd2 Qe6 42. Qh4 Qe3 43. Qb4 h5 44. Qc3 Kf7 45. b4 Rxf3 46. gxf3 Qxf3+ 47. Kh2 g5 48. Qc7+ Kg6 49. Qc6+ Kf5 50. Qc8+ Kg6 51. Qg8+ Kf6 52. Qf8+ Ke5 53. Qxf3 1-0

[Event "Titled Tuesday intern op 31st Oct Late"]
[Site "Chess.com INT"]
[Date "2023.10.31"]
[Round "5"]
[White "Maximov, Dmitry"]
[Black "Paravyan, David"]
[Result "0-1"]
[WhiteElo "2491"]
[BlackElo "2612"]
[PlyCount "52"]
[EventDate "2023.10.31"]
[EventType "swiss (blitz)"]
[EventRounds "11"]
[EventCountry "USA"]
[SourceTitle "EXT 2025"]
[Source "ChessBase"]
[SourceDate "2024.10.14"]
[SourceVersion "1"]
[SourceVersionDate "2024.10.14"]
[SourceQuality "1"]

1. e4 e5 2. Nf3 Nf6 3. Nxe5 d6 4. Nd3 Nxe4 5. Nf4 d5 6. d4 Nc6 7. c3 Bf5 8. Qb3 Bd6 9. Qxd5 Ne7 10. Qxb7 0-0 11. Be2 Ng6 12. Nxg6 fxg6 13. Be3 Rb8 14. Qd5+ Kh8 15. b3 Qh4 16. g3 Qe7 17. Qc4 Rbe8 18. Nd2 Nxf2 19. Bxf2 Bg4 20. 0-0 Bxe2 21. Qc6 Bxf1 22. Rxf1 Qe2 23. Nc4 h5 24. Nxd6 cxd6 25. Qxd6 Rf6 26. Qd7 Ref8 0-1